Fundamentals of Compressible Flow with Airgraft and Rocket Propulation (Record no. 164644)

MARC details
000 -LEADER
fixed length control field 00509nam a2200193Ia 4500
008 - FIXED-LENGTH DATA ELEMENTS--GENERAL INFORMATION
fixed length control field 240823s9999||||xx |||||||||||||| ||und||
020 ## - INTERNATIONAL STANDARD BOOK NUMBER
International Standard Book Number 81-224-1468-0
082 ## - DEWEY DECIMAL CLASSIFICATION NUMBER
-- 621.406 P3
100 ## - MAIN ENTRY--PERSONAL NAME
Personal name Yahya S M
245 #0 - TITLE STATEMENT
Title Fundamentals of Compressible Flow with Airgraft and Rocket Propulation
250 ## - EDITION STATEMENT
Edition statement 3rd
260 ## - PUBLICATION, DISTRIBUTION, ETC. (IMPRINT)
Date of publication, distribution, etc 2003
Name of publisher, distributor, etc "New Age,New "
500 ## - GENERAL NOTE
General note TRANSFERED
650 ## - SUBJECT ADDED ENTRY--TOPICAL TERM
Topical term or geographic name as entry element Propulsion
942 ## - ADDED ENTRY ELEMENTS (KOHA)
Item type Books
Holdings
Withdrawn status Lost status Damaged status Permanent location Current location Shelving location Date acquired Source of acquisition Cost, normal purchase price Full call number Barcode Date last seen Koha item type
      CENTRAL LIBRARY, NOORUL ISLAM CENTRE FOR HIGHER EDUCATION CENTRAL LIBRARY, NOORUL ISLAM CENTRE FOR HIGHER EDUCATION   07/16/2003 Higginbothams Private Ltd 220.00 621.406 P3 19446 08/23/2024 Books
Visitors:
Copyright © 2024 Central Library NICHE.  All rights reserved.